| 000 | 01000nam a2200289Ia 4500 | ||
|---|---|---|---|
| 003 | OSt | ||
| 005 | 20221005022730.0 | ||
| 006 | a|||||r|||| 00| 0 | ||
| 007 | ta | ||
| 008 | 221004b |||||||| |||| 00| 0 eng d | ||
| 020 |
_a1588114120 _c5686.94 |
||
| 024 | _a83326 | ||
| 037 |
_b18701, 30/03/2005, Segment Book Distributors _cTextual |
||
| 040 |
_aCRL _cCRL _beng |
||
| 041 |
_2eng _aeng |
||
| 082 | _aP:2, P3 | ||
| 100 |
_aDimroth Christine Ed. _9578552 |
||
| 245 | 0 | _aInformation structure and the dynamics of language acquisition edited by Christine Dimroth and Marianne Starren | |
| 260 |
_aAmsterdam _bJohn Benjamins Publishing Company Netherland _c2003 |
||
| 300 |
_a359p. _ccm. |
||
| 490 | _aStudies in Bilingualism | ||
| 650 | _a LINGUISTICS | ||
| 650 | _aMORPHOLOGY | ||
| 700 |
_a Starren Marianne Ed. _9578553 |
||
| 942 |
_hP:2, P3 _cTEXL _2cc |
||
| 999 |
_c929942 _d929942 |
||